|
|
|
|
| LEADER |
00000nam a22000007a 4500 |
| 005 |
20200605220217.0 |
| 007 |
cr|||| |||| |
| 008 |
200605s2020 es |||||s|||| 00||0 spa d |
| 020 |
|
|
|a 978-84-121579-0-1
|
| 035 |
|
|
|a 31721
|
| 040 |
|
|
|a vLex
|
| 090 |
|
|
|c 10565
|d 10565
|
| 100 |
1 |
|
|a Heras Hernǹdez, Mara̕ del Mar
|
| 245 |
1 |
2 |
|a La adopcin̤ abierta
|h [Recurso electrn̤ico] :
|b A props̤ito del Artc̕ulo 178.4 del Cd̤igo civil /
|c Mara̕ del Mar Heras Hernǹdez
|
| 256 |
|
|
|a Servicio en ln̕ea
|
| 260 |
|
|
|a Barcelona:
|b J.M. Bosch Editor,
|c 2020
|
| 300 |
|
|
|a 1 recurso electrn̤ico
|
| 500 |
|
|
|a La adopcin̤ de menores genera judicialmente la filiacin̤ adoptiva y correlativa ruptura de los vn̕culos jurd̕icos y afectivos entre el adoptado y todos los miembros de su familia de origen. La Ley 26/2015, incorpora la llamada adopcin̤ abierta en el Art. 178.4 del Cd̤igo civil, con el props̤ito de atenuar en parte los drs̀ticos efectos que tradicionalmente la acompaąn. Con esta nueva modalidad de adopcin̤, mantenida hasta ahora al margen de nuestra realidad jurd̕ica, al menos por lo que se refiere al Derecho civil comn︢, se reconoce el derecho de la persona adoptada a disfrutar de una vida familiar plena a travš del mantenimiento de alguna forma de relacin̤ con sus hermanos biolg̤icos o con los miembros de su familia de origen que se determinen judicialmente, si ello contribuye a su bienestar emocional y afectivo. Su finalidad reside, por tanto, en prevenir el desarraigo familiar del adoptado con toda su familia de origen, evitǹdose la přdida de referentes afectivos de forma irrecuperable. Basada en la colaboracin̤ de todos los implicados, discurre entre los minuciosos cauces legales que articula la norma, diseąda para garantizar al mx̀imo el predominante interš de la persona adoptada.
|
| 506 |
1 |
|
|a Disponible solo en los productos indicados
|d vLex Global
|d vLex Global (Academic Edition, excluding Law Schools)
|d vLex Global (U.S. Academic Edition, Law Schools)
|d vLex Global (U.S. Academic Edition, excluding Law Schools)
|d vLex Global (Academic Edition, Law Schools)
|
| 650 |
0 |
4 |
|a Familia y Sucesiones
|z Espaą
|
| 740 |
0 |
|
|a vLex Libros (Servicio en ln̕ea)
|
| 856 |
4 |
0 |
|u http://vlex.com/source/adopcion-abierta-a-proposito-del-articulo-178-4-del-codigo-civil-31721
|z Acceso restringido
|
| 942 |
|
|
|c BOOK
|
| 999 |
0 |
|
|a Family and Successions
|